WEBSTER'S NEW POCKET DICTIONARY (Record no. 216388)

MARC details
000 -LEADER
fixed length control field 00413nam a22001457a 4500
008 - FIXED-LENGTH DATA ELEMENTS--GENERAL INFORMATION
fixed length control field 251223b |||||||| |||| 00| 0 eng d
020 ## - INTERNATIONAL STANDARD BOOK NUMBER
International Standard Book Number 978-0-471-79874-3
050 ## - LIBRARY OF CONGRESS CALL NUMBER
Classification number PE 1628 .W43 200
100 ## - MAIN ENTRY--PERSONAL NAME
Personal name PROJECT EDITOR: JONATHAN L. GOLDMAN
245 ## - TITLE STATEMENT
Title WEBSTER'S NEW POCKET DICTIONARY
260 ## - PUBLICATION, DISTRIBUTION, ETC.
Place of publication, distribution, etc. OHIO,
Name of publisher, distributor, etc. WILEY PUBLISHING, INC
Date of publication, distribution, etc. 2000,
300 ## - PHYSICAL DESCRIPTION
Extent iV,380P. ILL
942 ## - ADDED ENTRY ELEMENTS (KOHA)
Source of classification or shelving scheme Library of Congress Classification
Koha item type Reference
Holdings
Withdrawn status Lost status Source of classification or shelving scheme Damaged status Not for loan Collection Home library Current library Shelving location Date acquired Inventory number Total checkouts Full call number Barcode Date last seen Copy number Price effective from Koha item type
    Library of Congress Classification     Arts & Social Sciences Kisii University Library Kisii University Library On Display 12/23/2025 34771   PE 1628 .W43 2000 000000001105 12/23/2025 2 12/23/2025 Reference
    Library of Congress Classification     Arts & Social Sciences Kisii University Library Kisii University Library On Display 12/23/2025 34774   PE 1628 .W43 2000 000000000751 12/23/2025 5 12/23/2025 Reference
    Library of Congress Classification     Arts & Social Sciences Kisii University Library Kisii University Library On Display 04/29/2026 34770   PE 1628 .W 43 2000 A001835 04/29/2026 1 04/29/2026 Reference
    Library of Congress Classification     Arts & Social Sciences Kisii University Library Kisii University Library On Display 04/29/2026 34773   PE 1628 .W 43 2000 A001836 04/29/2026 4 04/29/2026 Reference